Noms d'animaux contenus dans des noms de Pokémon - Statistiques

Statistiques générales
  • Ce quiz a été pris 33 fois
  • Le résultat moyen est 34 sur 65
Statistiques - réponses
Indice
Pokémon...
Animal % Correct
...tatac Rat
97%
...thmic Gorille
87%
...peed Limace
87%
...glam Chat
83%
Pon... Chien
83%
Vival... Daim
83%
Brind... Hibou
83%
Bagg... Iguane
83%
...ticho Canard
80%
...araque Crabe
80%
Lakmé... Cygne
80%
...garoc Loup
80%
Mino... Taupe
80%
Gueri... Aigle
77%
...gantua Bar
77%
Shao... Fouine
77%
...arig Girafe
77%
Sovki... Pou
77%
Courrou... Singe
77%
Stati.. Tique
77%
Préd... Astérie
73%
...potte Chenille
73%
Pâta... Chiot
73%
Frous... Sardine
73%
...frousse Cerf
70%
Shif... Ours
70%
...rbare Panda
70%
Super... Dauphin
67%
Mate... Loutre
67%
Poh... Marmotte
63%
...pom Ver
63%
Lia... Naja
60%
Lumi... Néon
60%
Magi... Carpe
57%
Far... Furet
57%
Hé... Lionceau
53%
Mas... Caïman
47%
...rnel Mante
47%
Aéro... Mite
47%
Mou... Mouton
43%
Kai... Morse
40%
Sa... Blaireau
37%
Bar... Loche
37%
...tt Anchois
33%
...oum Chèvre
33%
...roule Flamant
33%
...gus Lézard
33%
...ôme Corail
30%
Col... Homard
30%
Gal... Varan
30%
Flam... Busard
27%
Mi... Mygale
27%
Em... Brochet
20%
Za... Pétrel
17%
Sé... Vipère
17%
...no Castor
13%
...af Poulpe
13%
...us Léopard
10%
...a Otarie
10%
...me Escargot
7%
N... Hirondelle
7%
...de Triton
7%
...r Chauve-souris
3%
...au Colombe
3%
...on Lucane
3%
Aucun quiz correspondant
Distribution des résultats
% des personnes avec chaque résultat
Percentile par nombre de réponses
Votre historique - résultats
Vous n’avez pas pris ce quiz